[Event "Tournoi Skype 025A"]
[Site "Skype"]
[Date "????.??.??"]
[Round "6.26"]
[White "Perrone, Gabriel Lorenzo"]
[Black "Vello, Pablo"]
[Result "1/2-1/2"]
[WhiteElo "1544"]
[BlackElo "1607"]
[PlyCount "84"]

1. d4 e6 2. c4 d5 3. Nf3 c5 4. e3 Nc6 5. Nc3 Nf6 6. a3 dxc4 7. Bxc4 cxd4 8.
Nxd4 Nxd4 9. Qxd4 Qxd4 10. exd4 a6 11. O-O Bd6 12. Re1 O-O 13. Bg5 Nd7 14. Rad1
Nb6 15. Ba2 h6 16. Be3 Nd7 17. Ne4 Be7 18. Nc5 Rd8 19. b4 Nf6 20. Bf4 Bd6 21.
Be5 Ng4 22. Bxd6 Rxd6 23. Ne4 Rd8 24. h3 Nf6 25. Nxf6+ gxf6 26. d5 Bd7 27. dxe6
Bxe6 28. Rxd8+ Rxd8 29. Bxe6 fxe6 30. Rxe6 Kf7 31. Rb6 Rd1+ 32. Kh2 Rd7 33. a4
Ke7 34. Kg3 Rd3+ 35. f3 Rd7 36. Kg4 Kf7 37. g3 Kg6 38. f4 h5+ 39. Kh4 Kf5 40.
g4+ hxg4 41. hxg4+ Kxf4 42. Rxf6+ Ke5 1/2-1/2

[Event "Tournoi Skype 025A"]
[Site "Skype"]
[Date "????.??.??"]
[Round "6.27"]
[White "Khabou, Taha"]
[Black "Thoune, Jim"]
[Result "1/2-1/2"]
[WhiteElo "1394"]
[BlackElo "1600"]
[PlyCount "123"]

1. d4 d5 2. Bf4 Nf6 3. e3 Bf5 4. Nf3 e6 5. c3 Be7 6. Qb3 Qc8 7. Nbd2 Nbd7 8.
Be2 c5 9. dxc5 Bxc5 10. Nh4 Bg6 11. Nxg6 hxg6 12. Bf3 Bb6 13. h3 Nc5 14. Qb5+
Qc6 15. Qxc6+ bxc6 16. Be2 Rd8 17. Nf3 Nfe4 18. Nd4 Rc8 19. Rc1 g5 20. Bh2 g4
21. b4 gxh3 22. gxh3 Rxh3 23. bxc5 Bxc5 24. Bf3 Nxc3 25. Kd2 Bxd4 26. exd4 Nxa2
27. Bg2 Rh4 28. Ra1 Rxd4+ 29. Ke3 Ra4 30. Be5 f6 31. Rh8+ Kd7 32. Rxc8 Kxc8 33.
Bd4 e5 34. Bh3+ Kc7 35. Bb2 Re4+ 36. Kd2 Ra4 37. Kc2 Nb4+ 38. Kb3 Rxa1 39. Bxa1
Nd3 40. f3 Ne1 41. Bg4 d4 42. Kc4 Kb6 43. Bb2 g6 44. f4 Nc2 45. fxe5 fxe5 46.
Bf3 Ne3+ 47. Kd3 Kb5 48. Ke4 Nc4 49. Be2 Kb4 50. Bxc4 Kxc4 51. Kxe5 d3 52. Bc1
Kc3 53. Kf6 d2 54. Bxd2+ Kxd2 55. Kxg6 c5 56. Kf5 c4 57. Ke4 c3 58. Kd4 c2 59.
Kc4 c1=Q+ 60. Kd4 Ke2 61. Kd5 Qc4+ 62. Kxc4 1/2-1/2

[Event "Tournoi Skype 025A"]
[Site "Skype"]
[Date "????.??.??"]
[Round "6.28"]
[White "Alvarez, Juan Evangelista"]
[Black "Castillo, Jesus"]
[Result "1-0"]
[WhiteElo "1591"]
[BlackElo "1661"]
[PlyCount "21"]

1. e4 c5 2. Bc4 d6 3. Nf3 Nf6 4. Nc3 e6 5. d3 Be7 6. Be3 O-O 7. Qd2 a6 8. O-O-O
b5 9. Bb3 Bb7 10. a3 Bc6 11. Rhe1 1-0

[Event "Tournoi Skype 025A"]
[Site "Skype"]
[Date "????.??.??"]
[Round "6.30"]
[White "Mordaa, Ahmad"]
[Black "Sauvaget, Joel"]
[Result "1-0"]
[WhiteElo "1563"]
[BlackElo "1608"]
[PlyCount "41"]

1. e4 e5 2. Nf3 Nc6 3. Bc4 h6 4. c3 Nf6 5. O-O Be7 6. Re1 O-O 7. d4 exd4 8.
cxd4 d6 9. Nc3 Bg4 10. Be3 a6 11. h3 Bh5 12. a3 Re8 13. Qe2 Bf8 14. Rad1 Nxe4
15. Nxe4 Rxe4 16. Bd5 Re8 17. Qc4 Na5 18. Qd3 c6 19. Ba2 b5 20. Qf5 Bg6 21.
Qxg6 1-0

[Event "Tournoi Skype 025A"]
[Site "Skype"]
[Date "????.??.??"]
[Round "6.31"]
[White "Junqueira, Leonardo De Faria"]
[Black "Escudero Ocana, Francisco"]
[Result "1-0"]
[WhiteElo "1560"]
[BlackElo "1406"]
[PlyCount "31"]

1. e4 e5 2. d4 exd4 3. c3 dxc3 4. Nxc3 Bb4 5. Bd2 Bxc3 6. Bxc3 f6 7. Bc4 Nc6 8.
Bxg8 Rxg8 9. Qh5+ Kf8 10. Nf3 h6 11. O-O Qe8 12. Qb5 Qxe4 13. Rfe1 Qg6 14. Re3
b6 15. Rae1 Ne7 16. Rxe7 1-0

[Event "Tournoi Skype 025A"]
[Site "Skype"]
[Date "????.??.??"]
[Round "6.32"]
[White "Ramirez Reina, Orlando"]
[Black "Salazar Ticeran, Antonio"]
[Result "0-1"]
[WhiteElo "1527"]
[BlackElo "1558"]
[PlyCount "140"]

1. e4 c5 2. Nf3 Nc6 3. d4 cxd4 4. Nxd4 e5 5. Nb5 a6 6. Nd6+ Bxd6 7. Qxd6 Qa5+
8. Bd2 Qb6 9. Bc3 f6 10. Na3 Nge7 11. Nc4 Qd8 12. Ne3 b5 13. a3 Bb7 14. f3 Qb6
15. Nd5 Nxd5 16. exd5 Qe3+ 17. Be2 Nd4 18. Bxd4 exd4 19. Rd1 Rc8 20. Rd3 Qc1+
21. Rd1 Qxc2 22. Kf2 Qxb2 23. Rhe1 Qb3 24. Rxd4 Qc3 25. Re4+ Kd8 26. Re7 Qc5+
27. Qxc5 Rxc5 28. d6 Rd5 29. Rd1 Re8 30. Rxe8+ Kxe8 31. Rxd5 Bxd5 32. Ke3 Kf7
33. Kd4 Ke6 34. Kc5 Bc6 35. Bd3 h6 36. Be4 Bxe4 37. fxe4 Ke5 38. Kb6 Kxd6 39.
Kxa6 Kc5 40. Ka5 g5 41. g4 Kd4 42. Kxb5 Kxe4 43. a4 d5 44. a5 d4 45. a6 d3 46.
a7 Ke3 47. a8=Q d2 48. Qa1 Ke2 49. Qb2 Ke1 50. Qxf6 d1=Q 51. Qe5+ Qe2+ 52.
Qxe2+ Kxe2 53. Kc5 Kf3 54. h3 Kg3 55. Kd4 Kxh3 56. Ke3 Kxg4 57. Kf2 Kf4 58. Kg2
g4 59. Kf2 h5 60. Kg2 h4 61. Kh2 Kf3 62. Kg1 g3 63. Kh1 h3 64. Kg1 g2 65. Kh2
Kf2 66. Kxh3 g1=Q 67. Kh4 Kf3 68. Kh5 Kf4 69. Kh6 Kf5 70. Kh5 Qg5# 0-1

[Event "Tournoi Skype 025A"]
[Site "Skype"]
[Date "????.??.??"]
[Round "7.1"]
[White "Grosso, Raul"]
[Black "Prasath, Malola"]
[Result "0-1"]
[WhiteElo "1847"]
[BlackElo "2042"]
[PlyCount "84"]

1. Nf3 Nf6 2. g3 h5 3. Bg2 d5 4. d4 Bf5 5. c4 c6 6. Nc3 dxc4 7. Ne5 h4 8. e4 h3
9. Bf3 Be6 10. a4 Nbd7 11. Nxd7 Qxd7 12. Be3 g6 13. Qd2 Ng4 14. O-O Bg7 15.
Rad1 f5 16. Bxg4 fxg4 17. d5 cxd5 18. Nxd5 Bxd5 19. exd5 Qf5 20. Qe2 O-O 21.
Bc1 Rf7 22. Rfe1 Raf8 23. f4 gxf3 24. Qf2 Qg4 25. Re6 c3 26. bxc3 Bxc3 27. Be3
Rd8 28. Qc2 Rd6 29. Kf2 Bg7 30. Bxa7 Rxe6 31. Qc8+ Rf8 32. Qxe6+ Qxe6 33. dxe6
Ra8 34. Bc5 Bf6 35. Rd7 Kf8 36. Rxb7 Rxa4 37. Ra7 Rc4 38. Be3 Rc2+ 39. Kxf3
Rxh2 40. Ra8+ Kg7 41. Bf2 Rh1 42. Ra4 Rb1 0-1

[Event "Tournoi Skype 025A"]
[Site "Skype"]
[Date "????.??.??"]
[Round "7.2"]
[White "Deville, Olivier"]
[Black "Siret, Bernard"]
[Result "1/2-1/2"]
[WhiteElo "1850"]
[BlackElo "2073"]
[PlyCount "52"]

1. d4 c5 2. d5 f5 3. Nc3 Nf6 4. f3 d6 5. e4 e5 6. Bb5+ Nbd7 7. exf5 Be7 8. Nh3
O-O 9. Ng5 Nb6 10. Ne6 Bxe6 11. fxe6 Nfxd5 12. Nxd5 Nxd5 13. O-O Nc7 14. Bd7
Ne8 15. f4 Nf6 16. fxe5 dxe5 17. Bg5 Nxd7 18. Bxe7 Rxf1+ 19. Kxf1 Qxe7 20. Qxd7
Rf8+ 21. Kg1 Qxd7 22. exd7 Rd8 23. Rd1 Kf7 24. Rd5 Ke6 25. Rxc5 Rxd7 26. Kf1
Rd2 1/2-1/2

[Event "Tournoi Skype 025A"]
[Site "Skype"]
[Date "????.??.??"]
[Round "7.3"]
[White "Lambert, Pierre"]
[Black "Mayor Martinez, Juan Jose"]
[Result "1/2-1/2"]
[WhiteElo "1921"]
[BlackElo "1850"]
[PlyCount "83"]

1. e4 c5 2. Nf3 e6 3. d4 cxd4 4. Nxd4 a6 5. c4 Qc7 6. Nc3 Nc6 7. Be3 Nf6 8. Rc1
Be7 9. Be2 O-O 10. O-O d6 11. a3 Bd7 12. f4 Nxd4 13. Bxd4 Bc6 14. Bd3 Rad8 15.
Qb3 Nd7 16. Na4 Bxa4 17. Qxa4 Nc5 18. Qc2 Nxd3 19. Qxd3 e5 20. Be3 Bf6 21. f5
Qe7 22. Qd2 Rd7 23. Rc3 Rc8 24. Rd1 Rc6 25. b3 Qd8 26. Rd3 Be7 27. c5 f6 28. b4
Qc7 29. Qe2 Rd8 30. Qg4 Kh8 31. Qh5 Rf8 32. Bf2 Rg8 33. Rh3 h6 34. Qg6 Bf8 35.
Be3 dxc5 36. Bxc5 Bxc5+ 37. bxc5 Rxc5 38. Rxh6+ gxh6 39. Qxh6+ Qh7 40. Qxf6+
Qg7 41. Qh4+ Qh7 42. Qf6+ 1/2-1/2

[Event "Tournoi Skype 025A"]
[Site "Skype"]
[Date "????.??.??"]
[Round "7.4"]
[White "Dal, Ibrahim"]
[Black "Hilton, Stephen"]
[Result "1-0"]
[WhiteElo "1803"]
[BlackElo "1889"]
[PlyCount "69"]

1. d4 Nf6 2. Nf3 c5 3. d5 d6 4. c4 g6 5. Nc3 Bg7 6. e4 O-O 7. Be2 e6 8. O-O
exd5 9. exd5 a6 10. Bg5 h6 11. Bh4 Qc7 12. Nd2 Re8 13. Qc2 Bf5 14. Bd3 Bxd3 15.
Qxd3 Nbd7 16. Rae1 Ne5 17. Qc2 Ned7 18. Nce4 Nxe4 19. Nxe4 f5 20. Ng3 Ne5 21.
Ne2 g5 22. f4 Ng4 23. Bf2 Nxf2 24. Rxf2 Bd4 25. Ref1 Bxf2+ 26. Rxf2 g4 27. Qxf5
Qg7 28. Ng3 Re1+ 29. Rf1 Rf8 30. Rxe1 Rxf5 31. Nxf5 Qf6 32. Re8+ Kf7 33. Re7+
Kf8 34. Nxh6 Kxe7 35. Ng8+ 1-0

[Event "Tournoi Skype 025A"]
[Site "Skype"]
[Date "????.??.??"]
[Round "7.5"]
[White "Altinok, Selim"]
[Black "Karia, Vijay"]
[Result "1-0"]
[WhiteElo "1833"]
[BlackElo "1803"]
[PlyCount "57"]

1. Nf3 d5 2. d4 Nf6 3. c4 c6 4. Nc3 e6 5. e3 Nbd7 6. Bd3 dxc4 7. Bxc4 b5 8. Bd3
Bb7 9. O-O b4 10. Ne4 Be7 11. Qc2 O-O 12. Rd1 Rc8 13. Nxf6+ Nxf6 14. e4 h6 15.
Qe2 Qb6 16. e5 Nd5 17. Qe4 f5 18. exf6 Bxf6 19. Qxe6+ Kh8 20. Qe4 Kg8 21. Bxh6
Ne7 22. Qh7+ Kf7 23. Bc4+ Nd5 24. Ne5+ Bxe5 25. dxe5 Ke8 26. Qg6+ Ke7 27. Bg5+
Kd7 28. Qd6+ Ke8 29. Qe6+ 1-0

[Event "Tournoi Skype 025A"]
[Site "Skype"]
[Date "????.??.??"]
[Round "7.6"]
[White "Ortega, Elvis"]
[Black "Murgia, Stefano"]
[Result "1-0"]
[WhiteElo "1838"]
[BlackElo "1796"]
[PlyCount "39"]

1. d4 f5 2. e4 fxe4 3. Nc3 d5 4. Qh5+ g6 5. Qxd5 Nf6 6. Qxd8+ Kxd8 7. f3 exf3
8. Nxf3 Bg7 9. Bc4 Nc6 10. O-O Ng4 11. h3 Nh6 12. Bf4 Nf5 13. Nb5 Nd6 14. Nxd6
exd6 15. c3 Bf5 16. Ng5 Re8 17. Rae1 Kd7 18. g4 h6 19. gxf5 hxg5 20. Be6+ 1-0

[Event "Tournoi Skype 025A"]
[Site "Skype"]
[Date "????.??.??"]
[Round "7.7"]
[White "Benson, Paul"]
[Black "Calcino, Luis"]
[Result "1-0"]
[WhiteElo "2082"]
[BlackElo "1707"]
[PlyCount "85"]

1. e4 g6 2. g3 Bg7 3. Bg2 d6 4. d4 Nd7 5. Ne2 e5 6. O-O Ne7 7. Bg5 O-O 8. c3 f6
9. Be3 f5 10. Nd2 Nf6 11. h3 h6 12. Kh2 c6 13. f4 fxe4 14. dxe5 dxe5 15. fxe5
Nfd5 16. Rxf8+ Qxf8 17. Bd4 Qf5 18. Qf1 c5 19. Qxf5 gxf5 20. Bxc5 Bxe5 21. c4
Bxb2 22. Rb1 Bf6 23. cxd5 Nxd5 24. Bd4 b6 25. Bxf6 Nxf6 26. Nd4 Bd7 27. Rc1 Rd8
28. Nf1 Bc8 29. Ne3 Rxd4 30. Rxc8+ Kf7 31. Rc7+ Ke6 32. Rxa7 Rd3 33. Nc4 e3 34.
Bf1 Rd2+ 35. Nxd2 exd2 36. Be2 Ne4 37. Ra6 Nc3 38. Rxb6+ Ke7 39. Bh5 d1=Q 40.
Bxd1 Nxd1 41. a4 Nc3 42. a5 Nd5 43. Rxh6 1-0

[Event "Tournoi Skype 025A"]
[Site "Skype"]
[Date "????.??.??"]
[Round "7.8"]
[White "Segura Lozano, Marcos Antonio"]
[Black "Aravena, Alvaro"]
[Result "1-0"]
[WhiteElo "1828"]
[BlackElo "1643"]
[PlyCount "75"]

1. d4 e6 2. c4 Nf6 3. Bg5 c5 4. Bxf6 Qxf6 5. Nf3 cxd4 6. Qxd4 Qd8 7. e4 Nc6 8.
Qd1 Bc5 9. Qb3 O-O 10. Be2 Re8 11. Nc3 Bb4 12. O-O Bxc3 13. bxc3 d5 14. Rad1
Qe7 15. e5 Na5 16. Qa4 Nxc4 17. Bxc4 dxc4 18. Qxc4 b6 19. Qg4 Bb7 20. Ng5 h6
21. Nh3 Rac8 22. Rd3 Ba6 23. Rg3 f6 24. Re1 Kh8 25. Nf4 Kg8 26. Qh5 fxe5 27.
Rxe5 Qf6 28. Ng6 Red8 29. h3 Kh7 30. Nh4 Rd1+ 31. Kh2 Rd3 32. Qg6+ Qxg6 33.
Rxg6 Rcxc3 34. Rgxe6 Bc8 35. Re8 Bxh3 36. Ra8 Ra3 37. Ree8 g5 38. Re7# 1-0

[Event "Tournoi Skype 025A"]
[Site "Skype"]
[Date "????.??.??"]
[Round "7.9"]
[White "Calderon, Francisco"]
[Black "Saponara, Jose Maria"]
[Result "1-0"]
[WhiteElo "1516"]
[BlackElo "1774"]
[PlyCount "61"]

1. e4 e6 2. Nf3 d5 3. exd5 exd5 4. Be2 Nc6 5. d4 Nf6 6. c3 Bd6 7. Be3 h6 8.
Nbd2 Ng4 9. Nf1 a5 10. Qb3 Nf6 11. Bd2 a4 12. Qc2 Qe7 13. h3 O-O 14. Ne3 Re8
15. Bb5 Bd7 16. Bxc6 Bxc6 17. O-O Bb5 18. Rfe1 Ne4 19. Nxd5 Qh4 20. Nxh4 Bc4
21. Ne3 Be6 22. d5 Bd7 23. Nc4 f5 24. Nxd6 cxd6 25. Bf4 g5 26. f3 gxf4 27. fxe4
Re7 28. Nxf5 Bxf5 29. exf5 Rg7 30. f6 Rg3 31. Re7 1-0

[Event "Tournoi Skype 025A"]
[Site "Skype"]
[Date "????.??.??"]
[Round "7.10"]
[White "Ibarra Cantu, Raul Alberto"]
[Black "Khunte, Aniruddha"]
[Result "1-0"]
[WhiteElo "1972"]
[BlackElo "1598"]
[PlyCount "79"]

1. e4 c5 2. Nf3 d6 3. d4 cxd4 4. Nxd4 a6 5. c4 Nf6 6. Nc3 e5 7. Nc2 Be7 8. Ne3
Be6 9. Ned5 Nxd5 10. Nxd5 O-O 11. Nxe7+ Qxe7 12. Be2 Nd7 13. O-O Rac8 14. b3
Nc5 15. f3 Bd7 16. Be3 Ne6 17. Qd2 b5 18. Rfd1 bxc4 19. Bxc4 Bb5 20. Bxb5 axb5
21. Qxd6 Qxd6 22. Rxd6 Rc2 23. Rd2 Rfc8 24. Rad1 h6 25. Rxc2 Rxc2 26. Rd2 Rxd2
27. Bxd2 Nd4 28. Kf2 Kf8 29. Bc3 Ke7 30. Bxd4 exd4 31. Ke2 Kd6 32. Kd3 Kc5 33.
a4 b4 34. a5 Kb5 35. Kxd4 Kxa5 36. Kc5 f6 37. f4 g5 38. e5 gxf4 39. exf6 f3 40.
gxf3 1-0

[Event "Tournoi Skype 025A"]
[Site "Skype"]
[Date "????.??.??"]
[Round "7.12"]
[White "Bautista, Leidy"]
[Black "Diaz, Jose Garcia"]
[Result "1/2-1/2"]
[WhiteElo "1624"]
[BlackElo "1880"]
[PlyCount "34"]

1. Nf3 Nf6 2. b3 d5 3. Bb2 e6 4. g3 Be7 5. Bg2 O-O 6. O-O c5 7. e3 Nc6 8. d4 b6
9. c4 Ba6 10. Nbd2 cxd4 11. Nxd4 Nxd4 12. Bxd4 Rc8 13. Rc1 b5 14. cxd5 Rxc1 15.
Qxc1 Nxd5 16. Bxa7 b4 17. Re1 Nc3 1/2-1/2

[Event "Tournoi Skype 025A"]
[Site "Skype"]
[Date "????.??.??"]
[Round "7.13"]
[White "Rico Hernandez, Edgar"]
[Black "Engstrom, Olle"]
[Result "1-0"]
[WhiteElo "1871"]
[BlackElo "1649"]
[PlyCount "73"]

1. d4 Nf6 2. c4 g6 3. Nc3 d5 4. Bf4 Bg7 5. e3 c6 6. Nf3 O-O 7. Rc1 Qa5 8. Qc2
Bf5 9. Qb3 Qb6 10. Be2 Nbd7 11. O-O dxc4 12. Bxc4 Qxb3 13. Bxb3 Nb6 14. a3 Bd3
15. Rfd1 Bc4 16. Bc2 Nbd5 17. Nxd5 Bxd5 18. Bd3 Rfd8 19. b4 Rac8 20. h3 Be4 21.
Ne5 Bxd3 22. Nxd3 Nd5 23. Bg3 Nf6 24. Rc2 Ne4 25. Bh2 f5 26. f3 Nf6 27. Nc5 b6
28. Ne6 Rd5 29. Rdc1 c5 30. bxc5 bxc5 31. Rxc5 Rcxc5 32. Rxc5 Kf7 33. Ng5+ Ke8
34. Rc8+ Kd7 35. Rc7+ Ke8 36. Rxa7 h6 37. Ne6 1-0

[Event "Tournoi Skype 025A"]
[Site "Skype"]
[Date "????.??.??"]
[Round "7.14"]
[White "Altinok, Kerim"]
[Black "Martinez Quintero, Javier"]
[Result "1-0"]
[WhiteElo "1865"]
[BlackElo "1821"]
[PlyCount "89"]

1. d4 Nf6 2. Nf3 e6 3. c4 b6 4. g3 Bb7 5. Bg2 d5 6. O-O Nbd7 7. Nc3 Be7 8. b3
O-O 9. Bb2 Rc8 10. Re1 c5 11. cxd5 exd5 12. dxc5 Rxc5 13. Nd4 Ne4 14. Rc1 Ndf6
15. Nf5 Re8 16. Nxe7+ Rxe7 17. Nxe4 Nxe4 18. Qd4 f6 19. f3 Rxc1 20. Rxc1 Nc5
21. e3 Qa8 22. Kf2 Ne6 23. Qb4 Qe8 24. Bf1 Nc5 25. Bd4 Ne6 26. Bb5 Qd8 27. a4
Rc7 28. Rxc7 Qxc7 29. Qc3 Qxc3 30. Bxc3 a6 31. Bd3 Ng5 32. Bd4 Kf7 33. Bxb6 g6
34. Bd4 f5 35. Ke2 Ke6 36. h4 Nf7 37. Kd2 Nd8 38. Kc3 Nc6 39. Bh8 a5 40. Bd4
Kd6 41. Bb6 Ne5 42. Be2 d4+ 43. exd4 Nxf3 44. Bxa5 Kd5 45. Bxf3+ 1-0

[Event "Tournoi Skype 025A"]
[Site "Skype"]
[Date "????.??.??"]
[Round "7.15"]
[White "Gharbi, Said"]
[Black "Montalvo, Mario"]
[Result "0-1"]
[WhiteElo "1607"]
[BlackElo "1488"]
[PlyCount "42"]

1. e4 c5 2. Nf3 a6 3. c3 d5 4. exd5 Qxd5 5. d4 Bg4 6. Qa4+ Nc6 7. Ne5 Bf5 8.
Nxc6 bxc6 9. Be3 e6 10. Nd2 Nf6 11. Nc4 Nd7 12. Ne5 cxd4 13. cxd4 Nxe5 14. dxe5
Rb8 15. Rd1 Qe4 16. Qxa6 Bb4+ 17. Ke2 Qc2+ 18. Bd2 O-O 19. b3 Rfd8 20. Kf3 Qe4+
21. Kg3 Qg4# 0-1

[Event "Tournoi Skype 025A"]
[Site "Skype"]
[Date "????.??.??"]
[Round "7.17"]
[White "Aceituno, Stebe"]
[Black "Lovell, Stan"]
[Result "1-0"]
[WhiteElo "1513"]
[BlackElo "1672"]
[PlyCount "43"]

1. e4 d6 2. Nf3 Nf6 3. Nc3 Nbd7 4. d4 e5 5. dxe5 dxe5 6. Bc4 h6 7. O-O c6 8. a3
Qc7 9. h3 Be7 10. Be3 g5 11. Ne2 Nf8 12. Ng3 Ng6 13. Nf5 b5 14. Ba2 Bf8 15. Qd3
Ne7 16. Nd6+ Kd8 17. Nxf7+ Ke8 18. Nxh8 Bg7 19. Nf7 Nd7 20. Rad1 a6 21. N3xe5
Nxe5 22. Qd8+ 1-0

[Event "Tournoi Skype 025A"]
[Site "Skype"]
[Date "????.??.??"]
[Round "7.18"]
[White "Navghane, Rahul"]
[Black "Trivedi, Viral"]
[Result "1-0"]
[WhiteElo "1480"]
[BlackElo "1644"]
[PlyCount "51"]

1. e4 e6 2. d4 d5 3. exd5 exd5 4. Nf3 Bf5 5. Bd3 Qd7 6. Ne5 Qe6 7. O-O Bd6 8.
Re1 Bxe5 9. Rxe5 Qxe5 10. dxe5 Bxd3 11. Qxd3 c6 12. Bf4 Nd7 13. Nc3 Ne7 14. Re1
O-O 15. e6 fxe6 16. Rxe6 Nc5 17. Qe3 Nxe6 18. Qxe6+ Kh8 19. Qg4 Ng6 20. Be3
Rae8 21. h3 Ne5 22. Qg3 Rf6 23. Bd4 Rg6 24. Qf4 Nd7 25. Qf7 Rd8 26. Qe7 1-0

[Event "Tournoi Skype 025A"]
[Site "Skype"]
[Date "????.??.??"]
[Round "7.19"]
[White "Carballo, Jorge"]
[Black "Leyton Calderon, Jairo Oswaldo"]
[Result "0-1"]
[WhiteElo "1426"]
[BlackElo "1624"]
[PlyCount "76"]

1. e4 c5 2. Nf3 g6 3. d4 cxd4 4. Qxd4 Nf6 5. Nc3 Nc6 6. Qd2 Bg7 7. Bc4 O-O 8.
O-O d6 9. Rd1 Qa5 10. Nd5 Qxd2 11. Bxd2 Nxe4 12. c3 Nxd2 13. Rxd2 Bf5 14. Nd4
Bxd4 15. cxd4 Rac8 16. Bb5 e6 17. Bxc6 bxc6 18. Ne7+ Kg7 19. Nxc8 Rxc8 20. Rc1
Kf6 21. f3 g5 22. d5 exd5 23. g4 Be6 24. b4 Ke5 25. Re1+ Kf6 26. Kf2 Rb8 27. a3
Rb5 28. Rc1 c5 29. bxc5 dxc5 30. Rcc2 Ke5 31. Ke3 d4+ 32. Kd3 Rb3+ 33. Ke2 c4
34. Ra2 c3 35. Rdc2 Bc4+ 36. Kd1 Rb1+ 37. Rc1 Rxc1+ 38. Kxc1 Bxa2 0-1

[Event "Tournoi Skype 025A"]
[Site "Skype"]
[Date "????.??.??"]
[Round "7.20"]
[White "Yeter, Orhan"]
[Black "Grib, Johannes"]
[Result "1-0"]
[WhiteElo "1638"]
[BlackElo "1500"]
[PlyCount "27"]

1. e4 c5 2. Nf3 e6 3. d4 cxd4 4. Nxd4 Nc6 5. Nc3 a6 6. Be2 Bc5 7. Be3 e5 8.
Nxc6 Qb6 9. Na4 Qxc6 10. Nxc5 Nf6 11. O-O d6 12. Nb3 a5 13. a4 b6 14. Bb5 1-0

[Event "Tournoi Skype 025A"]
[Site "Skype"]
[Date "????.??.??"]
[Round "7.21"]
[White "Vasquez, Oscar"]
[Black "Perrone, Gabriel Lorenzo"]
[Result "0-1"]
[WhiteElo "1646"]
[BlackElo "1544"]
[PlyCount "86"]

1. c4 c5 2. Nc3 b6 3. g3 Bb7 4. Nf3 g6 5. Bg2 Bg7 6. O-O e6 7. e4 Bxc3 8. dxc3
Bxe4 9. Bg5 f6 10. Re1 Bb7 11. Bf4 Ne7 12. Bh6 Nf5 13. Bf4 h5 14. h4 Nc6 15.
Bh3 Nce7 16. b4 Rc8 17. Rc1 Ba6 18. b5 Bb7 19. Nd2 d5 20. Bg2 Qd7 21. Qe2 Kf7
22. Rcd1 a6 23. cxd5 Nxd5 24. Bxd5 Qxd5 25. Ne4 Qxe4 26. Qxe4 Bxe4 27. Rxe4
Rhd8 28. Rde1 e5 29. Bc1 Nd6 30. R4e2 Nxb5 31. Bb2 Rd7 32. f4 Re8 33. Kf2 Rde7
34. c4 Nd4 35. Bxd4 exd4 36. Rxe7+ Rxe7 37. Rb1 Rb7 38. a4 Ke6 39. Kf3 Kd6 40.
Re1 Re7 41. Rxe7 Kxe7 42. Ke4 Ke6 43. Kd3 Kf5 0-1

[Event "Tournoi Skype 025A"]
[Site "Skype"]
[Date "????.??.??"]
[Round "7.23"]
[White "Thoune, Jim"]
[Black "Le Brun, Yves"]
[Result "0-1"]
[WhiteElo "1600"]
[BlackElo "1546"]
[PlyCount "56"]

1. Nf3 d5 2. d4 Bf5 3. Bg5 Nf6 4. Bxf6 gxf6 5. c3 Nd7 6. e3 e6 7. Nbd2 c6 8. h3
Bd6 9. g4 Bg6 10. Rc1 Nb6 11. Qe2 Qd7 12. b3 Nc8 13. Nb1 Ne7 14. Nfd2 h5 15.
Qf3 f5 16. Bd3 h4 17. gxf5 Bxf5 18. e4 dxe4 19. Bxe4 O-O-O 20. Nc4 Bxe4 21.
Qxe4 f5 22. Nxd6+ Qxd6 23. Qe5 Qxe5+ 24. dxe5 Rhg8 25. Nd2 Nd5 26. Nf3 Nf4 27.
Rd1 Ng2+ 28. Ke2 Nf4+ 0-1

[Event "Tournoi Skype 025A"]
[Site "Skype"]
[Date "????.??.??"]
[Round "7.24"]
[White "Yardimci, Ertan"]
[Black "Khabou, Taha"]
[Result "0-1"]
[WhiteElo "1577"]
[BlackElo "1394"]
[PlyCount "92"]

1. d4 d5 2. Nf3 e6 3. c4 Nf6 4. Nc3 c5 5. e3 Nc6 6. Bd3 dxc4 7. Bxc4 b6 8. Bb5
Bd7 9. O-O Be7 10. Ne5 Nxe5 11. dxe5 Bxb5 12. Nxb5 Nd5 13. e4 Nc7 14. Nd6+ Kf8
15. Bf4 Na6 16. Qh5 Bxd6 17. exd6 Nb4 18. Qe2 Nc6 19. e5 Qd7 20. Qe4 f5 21.
exf6 gxf6 22. Bh6+ Kf7 23. Bf4 e5 24. Qc4+ Qe6 25. Qxe6+ Kxe6 26. Be3 Kxd6 27.
Rfd1+ Ke6 28. Rd2 Rhd8 29. Rad1 Rxd2 30. Rxd2 Rd8 31. Rxd8 Nxd8 32. Kf1 Kd5 33.
Ke2 Ne6 34. g3 Kc4 35. Kd2 Nd4 36. h4 f5 37. Bxd4 exd4 38. f3 h5 39. Kc2 d3+
40. Kd2 Kd4 41. b3 b5 42. a3 c4 43. bxc4 bxc4 44. a4 c3+ 45. Kd1 Ke3 46. f4 Kf3
0-1

[Event "Tournoi Skype 025A"]
[Site "Skype"]
[Date "????.??.??"]
[Round "7.25"]
[White "Legueltel, Daniel"]
[Black "Mordaa, Ahmad"]
[Result "1/2-1/2"]
[WhiteElo "1528"]
[BlackElo "1563"]
[PlyCount "55"]

1. e4 e5 2. Nf3 Nc6 3. Bc4 Bc5 4. Nc3 Nf6 5. d3 h6 6. h3 d6 7. Na4 Bb6 8. Nxb6
axb6 9. a3 Na5 10. Ba2 O-O 11. O-O Re8 12. Re1 Be6 13. Bxe6 Rxe6 14. Be3 Nc6
15. Qd2 Nh7 16. d4 exd4 17. Bxd4 Nxd4 18. Nxd4 Rg6 19. Re3 Qg5 20. f3 Re8 21.
Nf5 Qh5 22. Kh2 Qg5 23. Rd1 Qf4+ 24. Kh1 Ng5 25. Rc3 Qxd2 26. Rxd2 Ne6 27. Nd4
Nxd4 28. Rxd4 1/2-1/2

[Event "Tournoi Skype 025A"]
[Site "Skype"]
[Date "????.??.??"]
[Round "7.26"]
[White "Castillo, Jesus"]
[Black "Casey, Eamonn"]
[Result "1/2-1/2"]
[WhiteElo "1661"]
[BlackElo "1581"]
[PlyCount "59"]

1. e4 e6 2. Nf3 d5 3. d3 dxe4 4. dxe4 Qxd1+ 5. Kxd1 Bc5 6. Bf4 c6 7. Ke1 Nf6 8.
Bd3 Nbd7 9. Ke2 Bb6 10. Nbd2 Nc5 11. Nc4 Ncxe4 12. Nxb6 axb6 13. Be3 c5 14. Ne5
Ke7 15. Rhd1 Nd6 16. a3 Nd5 17. Bd2 f6 18. Nc4 Nxc4 19. Bxc4 Bd7 20. Bb3 b5 21.
Be1 c4 22. Ba2 Bc6 23. f3 Nf4+ 24. Kf1 Rhd8 25. Bb4+ Kf7 26. Rxd8 Rxd8 27. a4
bxa4 28. Bxc4 b5 29. Ba2 Nd5 30. Bc5 1/2-1/2

[Event "Tournoi Skype 025A"]
[Site "Skype"]
[Date "????.??.??"]
[Round "7.27"]
[White "L'Herbon De Lussats, Jean"]
[Black "Junqueira, Leonardo De Faria"]
[Result "1/2-1/2"]
[WhiteElo "1661"]
[BlackElo "1560"]
[PlyCount "105"]

1. e4 d5 2. exd5 Qxd5 3. c4 Qd8 4. d4 c6 5. Nf3 Bg4 6. Be2 Nf6 7. Ne5 Bxe2 8.
Qxe2 Nbd7 9. O-O e6 10. Nd2 Be7 11. Ndf3 O-O 12. b3 Nxe5 13. dxe5 Nd7 14. Bb2
Re8 15. Rad1 Qc7 16. Rd2 Bb4 17. Rd3 Nc5 18. Re3 Na6 19. a3 Be7 20. Rd1 Rad8
21. Red3 Rxd3 22. Rxd3 Nc5 23. Re3 Rd8 24. b4 Na4 25. Ba1 Qd7 26. Qc2 Qd1+ 27.
Qxd1 Rxd1+ 28. Re1 Rd3 29. Re3 Rxe3 30. fxe3 Nb6 31. c5 Nc4 32. Kf2 Nxa3 33.
Nd4 a6 34. Ke2 Bd8 35. Kd3 Bc7 36. Ke4 Kf8 37. g4 g6 38. g5 Ke8 39. h4 a5 40.
Bc3 axb4 41. Bxb4 Nb5 42. Be1 Kd7 43. Bg3 b6 44. cxb6 Bxb6 45. Be1 Kc7 46. Kd3
Kb7 47. Kc4 Na7 48. Bb4 Nc8 49. Bc5 Ba5 50. e4 Be1 51. Nf3 Ba5 52. Bd6 Bb6 53.
Bc5 1/2-1/2

[Event "Tournoi Skype 025A"]
[Site "Skype"]
[Date "????.??.??"]
[Round "7.28"]
[White "Salazar Ticeran, Antonio"]
[Black "Mishra, Sourabh"]
[Result "0-1"]
[WhiteElo "1558"]
[BlackElo "1633"]
[PlyCount "96"]

1. e4 e5 2. Nf3 Nc6 3. Bc4 Bc5 4. O-O Nf6 5. d3 O-O 6. Bg5 h6 7. Bh4 Be7 8.
Bxf6 Bxf6 9. Nc3 Na5 10. Bb3 b6 11. Nd5 Bb7 12. Nxf6+ Qxf6 13. c3 Rad8 14. Bd5
c6 15. Bb3 Ba6 16. Bc2 d5 17. Qe2 Rfe8 18. b4 Nb7 19. a4 Nd6 20. exd5 cxd5 21.
b5 Bb7 22. Qd1 e4 23. Nd4 Rc8 24. Qd2 Nf5 25. Nxf5 Qxf5 26. f3 e3 27. Qe2 Rxc3
28. Rfc1 d4 29. a5 Qxb5 30. axb6 Qxb6 31. Rab1 Qc7 32. Rb4 Ba6 33. Rxd4 Qc5 34.
Re4 Rxe4 35. fxe4 Bxd3 36. Qf3 Bxc2 37. e5 Qxe5 38. Qa8+ Kh7 39. Qxa7 Bg6 40.
Qa1 Rxc1+ 41. Qxc1 f5 42. g3 Bh5 43. Qe1 Bg4 44. Kg2 Qe4+ 45. Kg1 Bh3 46. Qe2
Bg4 47. Qf1 e2 48. Qe1 Qe3+ 0-1